<?xml version="1.0" encoding="UTF-8"?>
<collection xmlns="http://www.loc.gov/MARC21/slim">
 <record>
  <leader>06325nam a2200433 a 4500</leader>
  <controlfield tag="001">kal2882</controlfield>
  <controlfield tag="003">Gr-AtHEAL</controlfield>
  <controlfield tag="005">20160421085548.0</controlfield>
  <controlfield tag="006">m        d        </controlfield>
  <controlfield tag="008">160413s2015    gr      s           gre|c</controlfield>
  <datafield tag="020" ind1=" " ind2=" ">
   <subfield code="a">9789606033896</subfield>
  </datafield>
  <datafield tag="040" ind1=" " ind2=" ">
   <subfield code="a">GR-AtHEAL</subfield>
   <subfield code="b">gre</subfield>
   <subfield code="c">GR-AtHEAL</subfield>
  </datafield>
  <datafield tag="082" ind1="0" ind2="4">
   <subfield code="a">305.6</subfield>
   <subfield code="2">23</subfield>
  </datafield>
  <datafield tag="100" ind1="1" ind2=" ">
   <subfield code="a">Γκαρά,Ελένη.</subfield>
   <subfield code="8">1367</subfield>
  </datafield>
  <datafield tag="245" ind1="1" ind2="0">
   <subfield code="a">Χριστιανοί και μουσουλμάνοι στην οθωμανική αυτοκρατορία</subfield>
   <subfield code="h">[Ηλεκτρονικός πόρος] </subfield>
   <subfield code="b">Θεσμικό πλαίσιο και κοινωνικές δυναμικές</subfield>
   <subfield code="c">Γκαρά,Ελένη ; Τζεδόπουλος, Γεώργιος ; Κριτικός αναγνώστης,Σταματόπουλος, Γεώργιος ; Τεχνική επιμέλεια,Κοκολάκης, Αντώνιος ; Γλωσσική επιμέλεια,Λαμπαδά, Δέσποινα.</subfield>
  </datafield>
  <datafield tag="260" ind1=" " ind2=" ">
   <subfield code="a">Αθήνα :</subfield>
   <subfield code="b">Σύνδεσμος Ελληνικών Ακαδημαϊκών Βιβλιοθηκών,</subfield>
   <subfield code="c">c2015.</subfield>
  </datafield>
  <datafield tag="490" ind1=" " ind2=" ">
   <subfield code="a">Ακαδημαϊκά Ηλεκτρονικά Συγγράμματα και Βοηθήματα Κάλλιπος</subfield>
   <subfield code="8">40</subfield>
  </datafield>
  <datafield tag="520" ind1=" " ind2=" ">
   <subfield code="a">Αντικείμενο του βιβλίου αποτελούν η θέση των χριστιανών και οι σχέσεις μεταξύ χριστιανών και μουσουλμάνων στην Οθωμανική Αυτοκρατορία από τις απαρχές μέχρι την κατάλυσή της. Πρόκειται για κεντρικό ζήτημα της ελληνικής νεότερης ιστορίας, καθώς και των άλλων βαλκανικών κρατών και της Τουρκίας, και βασικό αντικείμενο στο πλαίσιο της πανεπιστημιακής διδασκαλίας. Το βιβλίο εξετάζει με σφαιρικό τρόπο τις επιμέρους όψεις του σύνθετου αυτού ζητήματος, υιοθετώντας τις μεθοδολογικές προσεγγίσεις της κοινωνικής ιστορίας. Στόχος είναι να εκθέσει εποπτικά και με συγκριτικό τρόπο τις ποικίλες διαβαθμίσεις της μακρόχρονης συμβίωσης χριστιανών και μουσουλμάνων στον χώρο και τον χρόνο και να αναδείξει την πολυπλοκότητα της ιστορικής εμπειρίας με εύληπτο και κατανοητό τρόπο. Για τον λόγο αυτό, το βιβλίο και τα μαθησιακά αντικείμενα που το συνοδεύουν αξιοποιούν χαρακτηριστικές αφηγηματικές πηγές, έργα τέχνης, στοιχεία του υλικού πολιτισμού, λόγια και λαϊκή μουσική κλπ. Το βιβλίο αναπτύσσεται θεματικά, εμβαθύνοντας τόσο στην εξέλιξη του θεσμικού πλαισίου όσο και στις κοινωνικές δυναμικές σε τοπικό και υπερτοπικό επίπεδο. Στο επίκεντρο βρίσκονται οι ορθόδοξοι πληθυσμοί των Βαλκανίων και της Μικράς Ασίας, εξετάζονται όμως και οι εξελίξεις που αφορούν τους αρμένιους και τους άραβες χριστιανούς, καθώς και τους καθολικούς της Οθωμανικής Αυτοκρατορίας. Τα ζητήματα που εξετάζονται περιλαμβάνουν τους τρόπους ενσωμάτωσης των χριστιανικών Εκκλησιών και των μοναστικών ιδρυμάτων στο οθωμανικό πλαίσιο, τις θεσμικές όψεις της θέσης των χριστιανών υπηκόων και τις μεταβολές που επέφεραν στη θέση τους οι θεσμικές αναπροσαρμογές και οι ευρύτερες ιστορικές εξελίξεις, τις συνεργατικές και συγκρουσιακές όψεις της συμβίωσης με τους μουσουλμάνους, τον εξισλαμισμό και την αποστασία, τα φαινόμενα συγκρητισμού και υβριδισμού, τον ρόλο του ευρωπαϊκού παράγοντα στη διαμόρφωση των σχέσεων χριστιανών και μουσουλμάνων, καθώς και τα προβλήματα ερμηνείας που θέτουν οι διαφορετικές ιστοριογραφικές προσεγγίσεις.</subfield>
  </datafield>
  <datafield tag="650" ind1=" " ind2="0">
   <subfield code="a">Turkey</subfield>
   <subfield code="x">History</subfield>
   <subfield code="x">Ottoman Empire, 1288-1918.</subfield>
   <subfield code="x">Administrative and political division</subfield>
   <subfield code="x">Social life and customs</subfield>
   <subfield code="8">1836</subfield>
  </datafield>
  <datafield tag="650" ind1=" " ind2="0">
   <subfield code="a">Christians</subfield>
   <subfield code="x">History</subfield>
   <subfield code="z">Turkey</subfield>
   <subfield code="8">1837</subfield>
  </datafield>
  <datafield tag="653" ind1=" " ind2=" ">
   <subfield code="a">Αλλαξοπιστία</subfield>
  </datafield>
  <datafield tag="653" ind1=" " ind2=" ">
   <subfield code="a">Ομολογιοποίηση</subfield>
  </datafield>
  <datafield tag="653" ind1=" " ind2=" ">
   <subfield code="a">Διακοινοτικές σχέσεις</subfield>
  </datafield>
  <datafield tag="653" ind1=" " ind2=" ">
   <subfield code="a">Συγκρητισμός</subfield>
  </datafield>
  <datafield tag="653" ind1=" " ind2=" ">
   <subfield code="a">Εξισλαμισμός</subfield>
  </datafield>
  <datafield tag="653" ind1=" " ind2=" ">
   <subfield code="a">Εκκλησία</subfield>
  </datafield>
  <datafield tag="653" ind1=" " ind2=" ">
   <subfield code="a">Οθωμανική αυτοκρατορία</subfield>
  </datafield>
  <datafield tag="653" ind1=" " ind2=" ">
   <subfield code="a">Μουσουλμάνοι</subfield>
  </datafield>
  <datafield tag="653" ind1=" " ind2=" ">
   <subfield code="a">Χριστιανοί</subfield>
  </datafield>
  <datafield tag="653" ind1=" " ind2=" ">
   <subfield code="a">Ιστορία</subfield>
   <subfield code="a">Γενική ιστορία, θεωρία</subfield>
   <subfield code="a">Νεότερη ιστορία</subfield>
  </datafield>
  <datafield tag="653" ind1=" " ind2=" ">
   <subfield code="a">Ιστορία</subfield>
   <subfield code="a">Ειδικές ιστορίες</subfield>
  </datafield>
  <datafield tag="653" ind1=" " ind2=" ">
   <subfield code="a">Ιστορία</subfield>
   <subfield code="a">Γενική ιστορία, θεωρία</subfield>
   <subfield code="a">Οθωμανική ιστορία</subfield>
  </datafield>
  <datafield tag="700" ind1="1" ind2=" ">
   <subfield code="a">Τζεδόπουλος, Γεώργιος</subfield>
   <subfield code="e">Συγγραφέας</subfield>
   <subfield code="8">1368</subfield>
  </datafield>
  <datafield tag="700" ind1="1" ind2=" ">
   <subfield code="a">Σταματόπουλος, Γεώργιος</subfield>
   <subfield code="e">Κριτικός αναγνώστης</subfield>
   <subfield code="8">1369</subfield>
  </datafield>
  <datafield tag="856" ind1="4" ind2="0">
   <subfield code="u">http://hdl.handle.net/11419/2882</subfield>
   <subfield code="z">Πλήρες Κείμενο - Full text</subfield>
  </datafield>
  <datafield tag="907" ind1=" " ind2=" ">
   <subfield code="a">.b25677305</subfield>
   <subfield code="b">12-06-18</subfield>
   <subfield code="c">29-07-16</subfield>
  </datafield>
  <datafield tag="949" ind1=" " ind2=" ">
   <subfield code="0">0</subfield>
   <subfield code="1">0</subfield>
   <subfield code="2">ddc</subfield>
   <subfield code="4">0</subfield>
   <subfield code="6">305_600000000000000_ΓΚΑ</subfield>
   <subfield code="7">0</subfield>
   <subfield code="8">KALL</subfield>
   <subfield code="8">488</subfield>
   <subfield code="d">2016-04-13</subfield>
   <subfield code="r">2016-04-13</subfield>
   <subfield code="w">2016-04-13</subfield>
   <subfield code="z">305.6 ΓΚΑ</subfield>
   <subfield code="o">SEAB KALLIPOS</subfield>
  </datafield>
  <datafield tag="998" ind1=" " ind2=" ">
   <subfield code="a">80</subfield>
   <subfield code="a">01</subfield>
   <subfield code="a">02</subfield>
   <subfield code="a">03</subfield>
   <subfield code="a">04</subfield>
   <subfield code="a">05</subfield>
   <subfield code="a">06</subfield>
   <subfield code="a">07</subfield>
   <subfield code="a">08</subfield>
   <subfield code="a">09</subfield>
   <subfield code="a">10</subfield>
   <subfield code="a">11</subfield>
   <subfield code="a">12</subfield>
   <subfield code="a">13</subfield>
   <subfield code="a">14</subfield>
   <subfield code="a">15</subfield>
   <subfield code="a">16</subfield>
   <subfield code="a">17</subfield>
   <subfield code="a">18</subfield>
   <subfield code="a">19</subfield>
   <subfield code="a">20</subfield>
   <subfield code="a">21</subfield>
   <subfield code="a">22</subfield>
   <subfield code="a">23</subfield>
   <subfield code="a">24</subfield>
   <subfield code="a">25</subfield>
   <subfield code="a">26</subfield>
   <subfield code="b">10-05-17</subfield>
   <subfield code="c">m</subfield>
   <subfield code="d">z  </subfield>
   <subfield code="e">-</subfield>
   <subfield code="f">gre</subfield>
   <subfield code="g">gr </subfield>
   <subfield code="h">0</subfield>
  </datafield>
  <datafield tag="942" ind1=" " ind2=" ">
   <subfield code="2">ddc</subfield>
   <subfield code="c">KALLIPOS</subfield>
  </datafield>
 </record>
</collection>
